|
|
|
|
| LEADER |
01611nam a22003017a 4500 |
| 001 |
AAL9000 |
| 003 |
BD-DhAAL |
| 005 |
20170509100458.0 |
| 008 |
170509m20112014- ||||| |||| 00| 0 eng d |
| 999 |
|
|
|c 38127
|d 38127
|
| 020 |
|
|
|a 9788184006407
|
| 040 |
|
|
|a BD-DhAAL
|d BD-DhAAL
|
| 082 |
|
|
|a 650.1
|
| 100 |
|
|
|a Seth, Suhel
|9 21505
|
| 245 |
|
|
|a Get to the top :
|b the ten rules for social success /
|c Suhel Seth
|
| 260 |
|
|
|a India :
|b Random House,
|c 2014
|
| 300 |
|
|
|a 194 p. :
|c 22 cm.
|
| 541 |
|
|
|e 9000
|
| 650 |
|
|
|a Success.
|9 21506
|
| 650 |
|
|
|a Interpersonal relations.
|9 21507
|
| 650 |
|
|
|a Friendship.
|9 21508
|
| 852 |
|
|
|a Savar Campus Library
|c General Shelf
|
| 942 |
|
|
|2 ddc
|c BK
|
| 952 |
|
|
|0 0
|1 0
|2 ddc
|4 0
|6 650_100000000000000_SET
|7 0
|9 60600
|a SCL
|b SCL
|c GEN
|d 2017-05-09
|e Tajin Boi Gar
|g 70.00
|l 12
|m 59
|o 650.1 SET
|p 3020009000
|r 2024-06-03
|s 2024-05-28
|t 1
|w 2017-05-09
|y BK
|
| 952 |
|
|
|0 0
|1 0
|2 ddc
|4 0
|6 650_100000000000000_SET
|7 0
|9 60601
|a SCL
|b SCL
|c GEN
|d 2017-05-09
|e Tajin Boi Gar
|g 70.00
|l 11
|m 44
|o 650.1 SET
|p 3020009003
|r 2020-10-14
|s 2020-03-09
|t 2
|w 2017-05-09
|y BK
|
| 952 |
|
|
|0 0
|1 0
|2 ddc
|4 0
|6 650_100000000000000_SET
|7 0
|9 60602
|a SCL
|b SCL
|c GEN
|d 2017-05-09
|e Tajin Boi Gar
|g 70.00
|l 13
|m 65
|o 650.1 SET
|p 3020009004
|r 2025-02-16
|s 2025-02-09
|t 3
|w 2017-05-09
|y BK
|
| 952 |
|
|
|0 0
|1 0
|2 ddc
|4 0
|6 650_100000000000000_SET
|7 0
|9 60603
|a SCL
|b SCL
|c GEN
|d 2017-05-09
|e Tajin Boi Gar
|g 70.00
|l 8
|m 37
|o 650.1 SET
|p 3020009002
|r 2020-02-02
|s 2020-01-18
|t 4
|w 2017-05-09
|y BK
|
| 952 |
|
|
|0 0
|1 0
|2 ddc
|4 0
|6 650_100000000000000_SET
|7 0
|9 60604
|a SCL
|b SCL
|c GEN
|d 2017-05-09
|e Tajin Boi Gar
|g 70.00
|l 8
|m 48
|o 650.1 SET
|p 3020009001
|r 2020-03-08
|s 2020-01-16
|t 5
|w 2017-05-09
|y BK
|